Holiday Quiz

Random Holiday or Christmas Quiz

American Christmas in 24 Images Quiz Stats

Quiz Updated Dec 27, 2014

Challenge
Share
Tweet
Score 0/24 Timer 08:00
2 Plays Today
Column % Correct
Snowman
97.1%
Christmas ham
96.1%
Santa Claus
95.8%
Christmas presents
95.2%
Christmas tree
94.8%
Rudolph
93.8%
Christmas cards
93.2%
Christmas cookies
93.1%
Caroling
93.1%
Candy canes
92.9%
Christmas stockings
92.8%
Mistletoe
92.4%
Column % Correct
Eggnog
92.1%
Outdoor Christmas lights
91.9%
Christmas ornaments
91.7%
Christmas wreath
89.9%
Cranberry sauce
88.6%
Chocolate fudge
86.4%
'A Charlie Brown Christmas'
85.9%
Fruit cake
84%
Holly
82.8%
Hot chocolate
80%
Poinsettia
75.6%
Hot apple cider
75.2%

You're not logged in!

Compare scores with friends on all Sporcle quizzes.
Sign Up with Email
OR
Log In

You Might Also Like...

Show Comments

Extras

Top Quizzes Today


Score Distribution

Your Account Isn't Verified!

In order to create a playlist on Sporcle, you need to verify the email address you used during registration. Go to your Sporcle Settings to finish the process.